Acuarela: textos para la nueva era, segundo ciclo a partir de los cuatro años

Gespeichert in:
Bibliographische Detailangaben
Hauptverfasser: Henríquez León, María Bernardita (VerfasserIn), Díaz Ortiz, Bernardo Rómulo (VerfasserIn)
Format: Buch
Sprache:Spanisch
Veröffentlicht: Santiago Bibliotécnia 2006
Schlagworte:
Tags: Tag hinzufügen
Keine Tags, Fügen Sie den ersten Tag hinzu!

MARC

LEADER 00000nam a2200000 a 4500
001 UCI8651
003 CL-VaPUC
008 080911e20060000CL |||||||||||||||||spa|d
020 |a 9567663149 
082 0 4 |a 372.21  |b HEN  |2 21 
100 |a Henríquez León, María Bernardita  |e author  |9 532204 
700 0 |a Díaz Ortiz, Bernardo Rómulo  |e author  |9 532205 
245 1 0 |a Acuarela: textos para la nueva era, segundo ciclo a partir de los cuatro años 
300 |a 327 p 
942 |c BK 
945 |d 20080911 00:00:00  |a jtorresc 
260 |a Santiago  |b Bibliotécnia  |c 2006 
650 0 |a Educación preescolar  |9 260381 
650 0 |a Jardines infantiles  |9 307427 
650 7 |a RELACION CON EL MEDIO AMBIENTE  |2 CL-VaPUC  |9 524420 
650 7 |a NIVELES DE ENSEÑANZA  |2 CL-VaPUC  |9 334999 
650 0 |a Comunicación   |9 257251 
583 |a last modification  |c 20080911 00:00:00  |k Rodrigo Vera 
999 |c 331467  |d 331465 
952 |0 0  |1 0  |4 0  |6 372_210000000000000_HEN_2006  |7 0  |8 A  |9 418146  |a BIBEDU  |b BIBEDU  |c ES_NOD  |d 2019-11-22  |i 4480694  |o 372.21 HEN 2006  |p 4480694  |r 2023-08-09  |w 2019-11-22  |y BK  |k EBA 
952 |0 0  |1 0  |4 0  |6 372_210000000000000_HEN_2006  |7 0  |8 A  |9 418147  |a BIBEDU  |b BIBEDU  |c ES_NOD  |d 2019-11-22  |i 4480708  |o 372.21 HEN 2006  |p 4480708  |r 2023-08-09  |w 2019-11-22  |y BK  |k EBA